My practice teaching journey: (Record no. 786)

MARC details
000 -LEADER
fixed length control field 00704nam a22001937a 4500
005 - DATE AND TIME OF LATEST TRANSACTION
control field 20230131070815.0
008 - FIXED-LENGTH DATA ELEMENTS--GENERAL INFORMATION
fixed length control field 230131b |||||||| |||| 00| 0 eng d
020 ## - INTERNATIONAL STANDARD BOOK NUMBER
International Standard Book Number 978-971-9658-27-2
082 ## - DEWEY DECIMAL CLASSIFICATION NUMBER
Classification number Fil. 370.102 L654 2016
100 ## - MAIN ENTRY--PERSONAL NAME
Personal name Leus, Marcela J.
Relator term author
245 ## - TITLE STATEMENT
Title My practice teaching journey:
Remainder of title an experiental learning program handbook and portfolio /
Statement of responsibility, etc. Marcela J. Leus, Estefania S. De Guzman
250 ## - EDITION STATEMENT
Edition statement 1st ed.
260 ## - PUBLICATION, DISTRIBUTION, ETC.
Place of publication, distribution, etc. Quezon City:
Name of publisher, distributor, etc. Adriana Publishing,
Date of publication, distribution, etc. c2016
300 ## - PHYSICAL DESCRIPTION
Extent xxiv, 222p.:
Other physical details ill.
504 ## - BIBLIOGRAPHY, ETC. NOTE
Bibliography, etc. note Includes bibliographical references
541 ## - IMMEDIATE SOURCE OF ACQUISITION NOTE
Accession number 5151 c.1, 5152 c.2, 5153 c.3
650 ## - SUBJECT ADDED ENTRY--TOPICAL TERM
Topical term or geographic name entry element Teaching - Handbook, manuals, etc.
700 ## - ADDED ENTRY--PERSONAL NAME
Personal name De Guzman, Estefania S.
Relator term author
Holdings
Withdrawn status Lost status Source of classification or shelving scheme Damaged status Not for loan Home library Current library Date acquired Total Checkouts Full call number Barcode Date last seen Copy number Price effective from Koha item type
    Dewey Decimal Classification     ctu-moalboal ctu-moalboal 06/19/2017   Fil. 370.102 L654 2016 5151 01/31/2023 1 01/31/2023 Books-Filipiniana
    Dewey Decimal Classification     ctu-moalboal ctu-moalboal 06/19/2017   Fil. 370.102 L654 2016 5152 01/31/2023 2 01/31/2023 Books-Filipiniana
    Dewey Decimal Classification     ctu-moalboal ctu-moalboal 06/19/2017   Fil. 370.102 L654 2016 5153 01/31/2023 3 01/31/2023 Books-Filipiniana